|
|
|
|
| LEADER |
01407nam a2200397 a 4500 |
| 001 |
EBC622561 |
| 003 |
MiAaPQ |
| 005 |
20200520144314.0 |
| 006 |
m o d | |
| 007 |
cr cn||||||||| |
| 008 |
001017s2000 ne sb 001 0 eng |
| 010 |
|
|
|z 00056450
|
| 015 |
|
|
|a GBA0-65581
|
| 016 |
7 |
|
|a 9027233039
|2 Uk
|
| 020 |
|
|
|z 9027233039(pbk.)
|
| 020 |
|
|
|z 1556199961(U.S.)
|
| 035 |
|
|
|a (MiAaPQ)EBC622561
|
| 035 |
|
|
|a (Au-PeEL)EBL622561
|
| 035 |
|
|
|a (CaPaEBR)ebr5000214
|
| 035 |
|
|
|a (CaONFJC)MIL216389
|
| 035 |
|
|
|a (OCoLC)49803405
|
| 040 |
|
|
|a MiAaPQ
|c MiAaPQ
|d MiAaPQ
|
| 050 |
|
4 |
|a HD31
|b .B625 2000
|
| 082 |
0 |
4 |
|a 658.001
|2 21
|
| 100 |
1 |
|
|a Bos, Rene ten.
|
| 245 |
1 |
0 |
|a Fashion and utopia in management thinking
|h [electronic resource] /
|c Rene ten Bos.
|
| 260 |
|
|
|a Amsterdam ;
|a [Great Britain] :
|b John Benjamins,
|c c2000.
|
| 300 |
|
|
|a xvii, 224p.
|
| 490 |
1 |
|
|a Advances in organization studies,
|x 1566-1075 ;
|v v. 6
|
| 504 |
|
|
|a Includes bibliographical references and index.
|
| 533 |
|
|
|a Electronic reproduction. Ann Arbor, MI : ProQuest, 2015. Available via World Wide Web. Access may be limited to ProQuest affiliated libraries.
|
| 650 |
|
0 |
|a Management.
|
| 655 |
|
4 |
|a Electronic books.
|
| 710 |
2 |
|
|a ProQuest (Firm)
|
| 830 |
|
0 |
|a Advances in organization studies ;
|v 6.
|
| 856 |
4 |
0 |
|u https://ebookcentral.proquest.com/lib/matrademy/detail.action?docID=622561
|z Click to View
|